| 000 | 00475nam a2200181Ia 4500 | ||
|---|---|---|---|
| 005 | 20250508152153.0 | ||
| 008 | 008 250505s9999 xx 000 0 hin d | ||
| 037 | _aTextual | ||
| 040 |
_aFEDL _beng _cFEDL |
||
| 041 |
_ahin _2hin |
||
| 084 |
_aFH, RAT _qFEDL |
||
| 100 |
_aRati Bhanu Singh _9760951 |
||
| 245 | 0 | _aParkhon ki kahani | |
| 260 |
_aAllahabad, India _bKitab Mahal _c1957 |
||
| 300 | _a87p | ||
| 942 |
_cTEXL _hFH, RAT |
||
| 999 |
_c1334733 _d1334733 |
||